| 000 | 00848nam a2200253 i 4500 | ||
|---|---|---|---|
| 001 | 14692 | ||
| 003 | ES-MaACL | ||
| 005 | 20230906150849.0 | ||
| 007 | t| | ||
| 008 | 981126s1997 sp ||||0| spa | ||
| 020 | _a84-7481-880-X | ||
| 080 | _a821.134.2-92"19" | ||
| 100 | 1 |
_aUnamuno, Miguel de, _d1864-1936 _9111982 |
|
| 245 | 1 | 0 |
_aDe patriotismo espiritual _b: artículos en "La Nación" de Buenos Aires, 1901-1914 / _cMiguel de Unamuno ; edición y notas de Víctor Ouimette. |
| 250 | _a1ª ed. | ||
| 260 |
_aSalamanca : _bEdiciones Universidad de Salamanca, _c1997. |
||
| 300 |
_a352 p. ; _c24 cm. |
||
| 490 | 1 |
_aBiblioteca Unamuno ; _v19 |
|
| 700 | 1 |
_aOuimette, Víctor. _987973 |
|
| 710 | 2 |
_aUniversidad de Salamanca. _97275 |
|
| 830 | 1 |
_aBiblioteca Unamuno ; _v19 _9184760 |
|
| 852 |
_aES-MaACL _jL-21914 |
||
| 999 |
_c14692 _d14692 |
||